EREVNA : Journal of Linguistics and Literature / (Record no. 534105)
[ view plain ]
| 000 -LEADER | |
|---|---|
| fixed length control field | 00286nam a22001097a 4500 |
| 022 ## - INTERNATIONAL STANDARD SERIAL NUMBER | |
| International Standard Serial Number | 2521-5078 |
| 245 ## - TITLE STATEMENT | |
| Title | EREVNA : Journal of Linguistics and Literature / |
| 260 ## - PUBLICATION, DISTRIBUTION, ETC. (IMPRINT) | |
| Place of publication, distribution, etc | Islamabad : |
| Name of publisher, distributor, etc | Air University, |
| 300 ## - PHYSICAL DESCRIPTION | |
| Dimensions | 24 cm. |
| 650 ## - SUBJECT ADDED ENTRY--TOPICAL TERM | |
| Topical term or geographic name as entry element | Social Sciences - Journals. |
| 942 ## - ADDED ENTRY ELEMENTS (KOHA) | |
| Koha item type | Continuing Resources |
| Damaged status | Not for loan | Permanent Location | Current Location | Date acquired | Full call number | Barcode | Koha item type |
|---|---|---|---|---|---|---|---|
| Central Library (CL) | Central Library (CL) | 02/01/2020 | Vol- 1, No-1 Summer 2017 | S-95074 | Continuing Resources | ||
| Central Library (CL) | Central Library (CL) | 02/01/2020 | Vol- 1, No-2 Winter 2017 | S-95075 | Continuing Resources |
